000 00990cam a2200265 a 4500
005 20161220105557.0
008 970502s19910000sp ad r 0 spa d
020 _a8420007056
040 _aCO-BoPUJ
_cCO-BoIAVH
_dCO-BoIAVH
041 1 _aspa
_heng
044 _asp
082 0 4 _a660.634
_bW81m
100 1 _aWiseman, Alan
_eautor
245 1 0 _aManual de biotecnología de los enzimas /
_cAlan Wiseman ; traducido por Miguel Calvo Rebollar y Emilia Sevillano Calvo
260 _aZaragoza (España) :
_bAcribia,
_c1991.
300 _aix, 444 páginas :
_bilustraciones, tablas y gráficas ;
_c24 x 17 cm.
504 _aIncluye referencias bibliográficas.
534 _tHandbook of enzyme biotechnology.
650 2 6 _aEnzimas
_xAplicaciones
650 2 6 _aIngeniería enzimática
650 2 6 _aEnzimas
_xBiotecnología
700 1 _aCalvo Rebollar, Miguel
_etraducción
700 1 _aSevillano Calvo, Emilia
_etraducción
942 _2ddc
_cLIBRO
999 _c355
_d355